000 01719nam a2200253Ia 4500
999 _c55255
_d55255
001 22331
003 GE_BSU
005 20250801114427.0
008 181216s2018||||ge |||||||||||||| ||geo||
020 _a9789941253461
040 _cGE_BSU
041 _ageo
080 _a581.9(479.22) შ-41
100 _aშეთეკაური, შამილ
_915055
245 _aთუშ-ფშავ-ხევსურეთის ფლორა : (აღმოსავლეთი კავკასიონი) = Flora of Tusheti, Pshavi and Khevsureti : (The East Greater Caucasus) /
_cშამილ შეთეკაური ; რედაქტორი ნუგზარ ზაზანაშვილი.
264 _aთბილისი :
_bმერიდიანი,
_c2017.
300 _a600 გვ. :
_bფოტ., ილ. ;
_c20 სმ.
504 _aბიბლიოგრ. : გვ. 499-519
520 _aწიგნის გარე ყდაზე: პირაქეთი ხევსურეთი, მდ. არაგვის ხეობა, ჭაუხები (სინდიურა), წიგნის ბოლო ყდაზე: პირიქითი ხევსურეთი, მიღმახევი, სოფელი ხონე.გარეკანი და თავფურცელი აგრეთვე ინგლ. ენაზე.
541 _h15 ლ.
653 _aთუშ-ფშავ-ხევსურეთის ფლორა : (აღმოსავლეთი კავკასიონი)
700 _aზაზანაშვილი, ნუგზარ
_eრედაქტორი
_925727
942 _cBK
_2udc